|
|
|
|
| LEADER |
00000naa0a2200000 4500 |
| 001 |
598827 |
| 005 |
20250402095558.0 |
| 035 |
|
|
|a (RuTPU)RU\TPU\tpu\22625
|
| 035 |
|
|
|a RU\TPU\tpu\22623
|
| 090 |
|
|
|a 598827
|
| 100 |
|
|
|a 20130204d2009 k y0rusy50 ca
|
| 101 |
0 |
|
|a rus
|
| 102 |
|
|
|a RU
|
| 200 |
1 |
|
|a Люминесценция твердых тел, инициируемая адсорбированными атомами кислорода
|f Ю. И. Тюрин [и др.]
|
| 333 |
|
|
|a В фонде НТБ ТПУ отсутствует
|
| 461 |
|
|
|t Взаимодействие ионов с поверхностью ВИП-2009
|o труды 19 Международной конференции, 21-25 августа 2009 г., Звенигород
|d 2009
|
| 463 |
|
|
|t Т. 1
|v С. 446-450
|d 2009
|
| 610 |
1 |
|
|a труды учёных ТПУ
|
| 701 |
|
1 |
|a Тюрин
|b Ю. И.
|c физик
|c профессор Томского политехнического университета, доктор физико-математических наук
|f 1950-
|g Юрий Иванович
|3 (RuTPU)RU\TPU\pers\19873
|4 070
|9 7810
|
| 701 |
|
1 |
|a Шигалугов
|b С. Х.
|
| 701 |
|
1 |
|a Емельянов
|b В. Н.
|
| 701 |
|
1 |
|a Катаев
|b А. Н.
|
| 701 |
|
1 |
|a Маловичко
|b Ю. В.
|
| 701 |
|
1 |
|a Плотникова
|b Е. Ю.
|c физик
|c инженер Томского политехнического университета
|f 1982-
|g Евгения Юрьевна
|3 (RuTPU)RU\TPU\pers\25588
|4 070
|9 11518
|
| 701 |
|
1 |
|a Сивов
|b Ю. А.
|c физик
|c доцент Томского политехнического университета, кандидат физико-математических наук
|f 1938-
|g Юрий Александрович
|3 (RuTPU)RU\TPU\pers\27962
|4 070
|9 12952
|
| 701 |
|
1 |
|a Хоружий
|b В. Д.
|c физик
|c доцент Томского политехнического университета, кандидат физико-математических наук
|f 1940-
|g Владимир Дмитриевич
|3 (RuTPU)RU\TPU\pers\27964
|4 070
|9 12954
|
| 701 |
|
1 |
|a Ларионов
|b В. В.
|c физик
|c профессор Томского политехнического университета, доктор педагогических наук
|f 1945-
|g Виталий Васильевич
|3 (RuTPU)RU\TPU\pers\25193
|4 070
|9 11273
|
| 801 |
|
1 |
|a RU
|b 63413507
|c 20121123
|
| 801 |
|
2 |
|a RU
|b 63413507
|c 20130220
|g RCR
|
| 942 |
|
|
|c BK
|